000 00258nam a22001217a 4500
008 170831b xxu||||| |||| 00| 0 eng d
041 _aeng
080 _a621.397.13
100 _a40
101 _aMED
245 _aPOWER PRODUCER
_cSMITH,D
942 _2udc
_cBK
999 _c25803
_d25803